000 00452nam a2200181Ia 4500
001 14069
005 20260306164847.0
008 260306t1996||||xx |||||||||||||| ||spa||
041 _aESP
082 _a006.3
_bR96 1996
100 _aRussell, Stuart J.
_eAUT
245 0 _aInteligencia artificial:
_bun enfoque moderno
260 _c1996
300 _axxvii, 979 páginas :
_c25 cm.
650 _aGEN
654 _aCCC
942 _cLIB
_dJUS
_fJUS
_2ddc
_n
999 _c14069
_d14069